000 00707nam a2200133Ia 4500
008 171212s9999 xx 000 0 und d
020 _a9780833059727
100 _aElson, Sara Beth;Yeung, Douglas;Roshan, Parisa;Bohandy, S. R.;Nader, Alireza
245 _cElson, Sara Beth;Yeung, Douglas;Roshan, Parisa;Bohandy, S. R.;Nader, Alireza
_aUsing Social Media to Gauge Iranian Public Opinion and Mood After the 2009 Election
260 _bRAND Corporation
_c2012
650 _aHistory
650 _aPresidents -- Iran -- Election -- 2009 -- Public opinion; Public opinion -- Iran; Social media -- Political aspects; Social media -- Political aspects -- Research
856 _uwww.jstor.org/stable/10.7249/tr1161rc
999 _c352795
_d352795